Catálogo
 En Linea

El Primario y su iglesia / (Registro nro. 25211)

Detalles MARC
000 -CABECERA
campo de control de longitud fija 00529nam a2200169 a 4500
001 - NÚMERO DE CONTROL
campo de control 000025719
005 - FECHA Y HORA DE LA ÚLTIMA TRANSACCIÓN
campo de control 20200930024010.0
008 - DATOS DE LONGITUD FIJA--INFORMACIÓN GENERAL
campo de control de longitud fija 110221s1980 txu r 000 0 spa d
040 ## - FUENTE DE LA CATALOGACIÓN
Centro catalogador/agencia de origen DO-SdBNP
Lengua de catalogación spa
Centro/agencia transcriptor BNPHU
082 ## - NÚMERO DE LA CLASIFICACIÓN DECIMAL DEWEY
Número de clasificación NNN
Número de documento/Ítem R778p
049 ## - FONDOS LOCALES (OCLC)
Fondos de biblioteca BNGR
100 1# - ENTRADA PRINCIPAL--NOMBRE DE PERSONA
Nombre de persona Roop, Geane A.
Fechas asociadas al nombre 1890-
9 (RLIN) 52487
245 10 - MENCIÓN DE TÍTULO
Título El Primario y su iglesia /
Mención de responsabilidad, etc. Geane A. Roop ; traducido por Olivia S.D. de Lerín.
260 ## - PUBLICACIÓN, DISTRIBUCIÓN, ETC.
Lugar de publicación, distribución, etc. El Paso, Texas :
Nombre del editor, distribuidor, etc. Casa Bautista,
Fecha de publicación, distribución, etc. [1980?].
300 ## - DESCRIPCIÓN FÍSICA
Extensión 111 p. ;
Dimensiones 19 cm.
700 1# - PUNTO DE ACCESO ADICIONAL--NOMBRE DE PERSONA
Nombre de persona Lerín, Olivia S.D. de
Término indicativo de función/relación tr.
9 (RLIN) 52488
Existencias
Estado de retiro Estado de pérdida Restricciones de uso No para préstamo Código de colección Localización permanente Ubicación/localización actual Ubicación en estantería Fecha de adquisición Número de inventario Total de préstamos Signatura topográfica completa Código de barras Fecha visto por última vez Precio válido a partir de Tipo de ítem Koha
        Monografías: Libros y Folletos General General En catalogación 21.02.2011 LF1   NNN R778p 25719-10 25.06.2020 25.06.2020 Préstamo en sala

Con tecnología Koha